[Event "Verbandsliga Suedbaden 1819"]
[Site "Baden"]
[Date "2019.03.10"]
[Round "7.7"]
[White "Schmid, Joachim"]
[Black "Katz, Leo"]
[Result "1/2-1/2"]
[WhiteElo "1722"]
[BlackElo "1963"]
[PlyCount "54"]
[EventDate "2018.10.14"]
[EventType "team-tourn"]
[EventRounds "9"]
[EventCountry "GER"]
[SourceTitle "EXT 2020"]
[Source "ChessBase"]
[SourceDate "2019.10.17"]
[SourceVersion "1"]
[SourceVersionDate "2019.10.17"]
[SourceQuality "1"]
[WhiteTeam "Konstanz"]
[BlackTeam "Baden-Baden IV"]
[WhiteTeamCountry "GER"]
[BlackTeamCountry "GER"]

1. d4 d5 2. Bf4 Nf6 3. c3 e6 4. e3 c5 5. Nd2 Nc6 6. Be2 Bd6 7. Bg3 e5 8. dxe5 Nxe5 9. Ngf3 Qe7 10. Nxe5 Bxe5 11. Bxe5 Qxe5 12. Bb5+ Bd7 13. Bxd7+ Nxd7 14. Qg4 0-0-0 15. 0-0-0 f5 16. Qg3 Qxg3 17. hxg3 Nf6 18. Kc2 Ng4 19. Rhf1 d4 20. exd4 cxd4 21. cxd4 Rxd4 22. Nf3 Rxd1 23. Kxd1 Re8 24. Kd2 Rd8+ 25. Ke2 Re8+ 26. Kd2 Rd8+ 27. Ke2 Re8+ 1/2-1/2

[Event "GER-chT U16"]
[Site "Naumburg"]
[Date "2012.12.27"]
[Round "2"]
[White "Koop, Thorben"]
[Black "Katz, Leo"]
[Result "1-0"]
[WhiteElo "2186"]
[BlackElo "1892"]
[PlyCount "81"]
[EventDate "2012.12.27"]
[EventType "team-swiss"]
[EventRounds "7"]
[EventCountry "GER"]
[SourceTitle "EXT 2014"]
[Source "ChessBase"]
[SourceDate "2013.11.20"]
[SourceVersion "1"]
[SourceVersionDate "2013.11.20"]
[SourceQuality "1"]
[WhiteTeam "Lingen"]
[BlackTeam "Baden-Baden"]
[WhiteTeamCountry "GER"]
[BlackTeamCountry "GER"]

1. Nf3 Nf6 2. g3 b6 3. Bg2 Bb7 4. 0-0 e6 5. c4 Be7 6. Nc3 0-0 7. Qc2 c5 8. Rd1 d6 9. d4 cxd4 10. Rxd4 a6 11. b3 Qc7 12. Ba3 Rd8 13. Rad1 Nc6 14. R4d2 Na5 15. e4 Rac8 16. Nd4 Ne8 17. Qd3 b5 18. cxb5 Nxb3 19. Nxb3 Qxc3 20. Qxc3 Rxc3 21. bxa6 Bxa6 22. e5 Rb8 23. exd6 Bd8 24. Bb2 Rc4 25. Be5 Nf6 26. d7 Rb5 27. Bxf6 gxf6 28. Bf1 Rc7 29. Rd6 Rxb3 30. axb3 Bxf1 31. Kxf1 Kf8 32. b4 Rb7 33. R6d4 f5 34. Ke2 Rb8 35. Rc4 Rb7 36. Rd3 Ke7 37. Kd2 Rxd7 38. Rxd7+ Kxd7 39. Kd3 Bb6 40. f3 Bg1 41. Rh4 1-0

[Event "Verbandsliga Sued Baden 1213"]
[Site "Baden"]
[Date "2012.11.18"]
[Round "2.6"]
[White "Wehrle, Uwe"]
[Black "Katz, Leo"]
[Result "1/2-1/2"]
[WhiteElo "2117"]
[BlackElo "1863"]
[PlyCount "99"]
[EventDate "2012.10.21"]
[EventType "team-tourn"]
[EventRounds "9"]
[EventCountry "GER"]
[SourceTitle "EXT 2014"]
[Source "ChessBase"]
[SourceDate "2013.11.20"]
[SourceVersion "1"]
[SourceVersionDate "2013.11.20"]
[SourceQuality "1"]
[WhiteTeam "Horben"]
[BlackTeam "Baden-Baden IV"]
[WhiteTeamCountry "GER"]
[BlackTeamCountry "GER"]

1. d4 Nf6 2. Nf3 d5 3. g3 b6 4. Bg2 Bb7 5. 0-0 e6 6. Bg5 Nbd7 7. Ne5 Be7 8. c4 c6 9. cxd5 cxd5 10. Qa4 0-0 11. Nxd7 Nxd7 12. Bxe7 Qxe7 13. Nc3 Rfc8 14. Rfc1 Rc4 15. Qxc4 dxc4 16. Bxb7 Rb8 17. Bc6 Nf6 18. a3 Qd6 19. Bb5 Qxd4 20. Rd1 Qc5 21. a4 Qc8 22. Rd4 a6 23. Rxc4 Qb7 24. Bc6 Qe7 25. Bf3 Rd8 26. Rc1 g6 27. Rc2 Kg7 28. e3 Nd7 29. Rc7 Qf6 30. Be2 Nc5 31. Rc6 Qf5 32. Rc1 Nb3 33. Rd1 Rxd1+ 34. Bxd1 Nd2 35. Rxb6 Nb1 36. Be2 Nxc3 37. bxc3 Qa5 38. Rxa6 Qxc3 39. Bb5 Qc1+ 40. Kg2 Qb1 41. Rd6 Qe4+ 42. Kg1 h5 43. Rd4 Qb1+ 44. Kg2 Qc2 45. h4 Qb1 46. Rc4 Kf6 47. Rf4+ Ke7 48. Rd4 Kf6 49. Rc4 Qd1 50. Rd4 1/2-1/2

[Event "GER-ch U16"]
[Site "Oberhof"]
[Date "2012.06.01"]
[Round "8"]
[White "Katz, Leo"]
[Black "Persch, Adrian"]
[Result "1/2-1/2"]
[WhiteElo "1911"]
[BlackElo "1873"]
[PlyCount "86"]
[EventDate "2012.05.27"]
[EventType "swiss"]
[EventRounds "9"]
[EventCountry "GER"]
[SourceTitle "CBM 148 Extra"]
[Source "ChessBase"]
[SourceDate "2012.06.22"]
[SourceVersion "1"]
[SourceVersionDate "2012.06.22"]
[SourceQuality "1"]

1. e4 c6 2. Nc3 d5 3. f4 dxe4 4. Nxe4 Nf6 5. Nf2 Qb6 6. Nf3 Na6 7. Bc4 Nd5 8. Bxd5 cxd5 9. 0-0 Bg4 10. Kh1 Bxf3 11. Qxf3 0-0-0 12. Nd3 Nb4 13. Nxb4 Qxb4 14. Qc3+ Qxc3 15. dxc3 e6 16. Be3 b6 17. Bd4 f6 18. Rae1 Re8 19. Rf3 Kd7 20. Rg3 Ke7 21. Kg1 Kf7 22. Kf2 Bd6 23. Rf3 Rc8 24. Ke2 Rc6 25. Kd2 a5 26. g3 Rhc8 27. Re2 Bc5 28. Bxc5 bxc5 29. c4 dxc4 30. Ra3 Ra8 31. Re4 Ke7 32. Rxc4 e5 33. Re3 Kd6 34. fxe5+ fxe5 35. Rce4 Re8 36. Rb3 Kd5 37. Re2 Re7 38. Rb8 c4 39. Ra8 Rc5 40. Rd8+ Ke6 41. Rb8 Rd7+ 42. Kc3 Re7 43. Re4 Kf5 1/2-1/2

[Event "GER-ch U16"]
[Site "Oberhof"]
[Date "2012.05.31"]
[Round "7"]
[White "Kuehne, Niklas"]
[Black "Katz, Leo"]
[Result "0-1"]
[WhiteElo "1753"]
[BlackElo "1911"]
[PlyCount "116"]
[EventDate "2012.05.27"]
[EventType "swiss"]
[EventRounds "9"]
[EventCountry "GER"]
[SourceTitle "CBM 148 Extra"]
[Source "ChessBase"]
[SourceDate "2012.06.22"]
[SourceVersion "1"]
[SourceVersionDate "2012.06.22"]
[SourceQuality "1"]

1. c4 e6 2. d4 d5 3. Nc3 Be7 4. Bf4 Nf6 5. Nf3 0-0 6. e3 c5 7. Bd3 dxc4 8. Bxc4 a6 9. a4 cxd4 10. exd4 Nbd7 11. 0-0 Nb6 12. Bd3 Nbd5 13. Bg3 b6 14. Rc1 Bb7 15. Bb1 Rc8 16. Re1 Bd6 17. Ne5 Qe7 18. Bh4 Nf4 19. Be4 Ng6 20. Bxf6 gxf6 21. Bxb7 Qxb7 22. Nxg6 hxg6 23. Ne4 Be7 24. Qf3 Kg7 25. h3 Qd5 26. Rxc8 Rxc8 27. Qd3 Rc4 28. Rd1 e5 29. Nc3 Qxd4 30. Qxd4 Rxd4 31. Rxd4 exd4 32. Nd5 Bc5 33. b4 Bd6 34. Kf1 a5 35. bxa5 bxa5 36. Ke2 f5 37. Kd3 Bb8 38. Ne7 Kf6 39. Nc6 Bc7 40. Nxd4 Ke5 41. Ne2 Kd5 42. f3 Kc5 43. Kc3 Be5+ 44. Kb3 Bf6 45. g3 Be5 46. g4 fxg4 47. fxg4 Bf6 48. Nc3 Bxc3 49. Kxc3 g5 50. Kd3 Kb4 51. Ke4 Kxa4 52. Kf5 Kb4 53. Kxg5 a4 54. Kf6 a3 55. Kxf7 a2 56. Kg6 a1Q 57. h4 Qh8 58. h5 Kc5 0-1

[Event "Baden-ch U16"]
[Site "Karlsruhe Durlach"]
[Date "2012.01.04"]
[Round "6"]
[White "Jaeschke, Felix"]
[Black "Katz, Leo"]
[Result "1/2-1/2"]
[WhiteElo "1989"]
[BlackElo "1727"]
[PlyCount "42"]
[EventDate "2012.01.02"]
[EventType "swiss"]
[EventRounds "7"]
[EventCountry "GER"]
[SourceTitle "EXT 2015"]
[Source "ChessBase"]
[SourceDate "2014.11.20"]
[SourceVersion "1"]
[SourceVersionDate "2014.11.20"]
[SourceQuality "1"]

1. Nf3 d5 2. c4 c6 3. b3 Nf6 4. g3 Bg4 5. Bg2 Nbd7 6. cxd5 cxd5 7. d4 e6 8. 0-0 Bb4 9. Ba3 Bxa3 10. Nxa3 Qa5 11. Nc2 0-0 12. Nh4 Rac8 13. h3 Bh5 14. g4 Bg6 15. Nxg6 hxg6 16. e3 Rc3 17. f3 Rfc8 18. Qd2 Qc7 19. Ne1 Qg3 20. Rf2 Qc7 21. Re2 a6 1/2-1/2

[Event "Baden-ch U16"]
[Site "Karlsruhe Durlach"]
[Date "2012.01.03"]
[Round "3"]
[White "Katz, Leo"]
[Black "Ciolek, Andreas"]
[Result "1/2-1/2"]
[WhiteElo "1727"]
[BlackElo "1781"]
[PlyCount "24"]
[EventDate "2012.01.02"]
[EventType "swiss"]
[EventRounds "7"]
[EventCountry "GER"]
[SourceTitle "EXT 2015"]
[Source "ChessBase"]
[SourceDate "2014.11.20"]
[SourceVersion "1"]
[SourceVersionDate "2014.11.20"]
[SourceQuality "1"]

1. e4 e5 2. Nf3 Nf6 3. Nxe5 d6 4. Nf3 Nxe4 5. Nc3 Nxc3 6. dxc3 Be7 7. Be3 Nc6 8. Qd2 Be6 9. Nd4 Nxd4 10. cxd4 d5 11. Bd3 Qd7 12. 0-0 0-0 1/2-1/2

[Event "GER-ch Net qual4 U14"]
[Site "Playchess.com INT"]
[Date "2009.06.17"]
[Round "4"]
[White "Bluebaum, Matthias"]
[Black "Katz, Leo"]
[Result "1-0"]
[WhiteElo "2051"]
[BlackElo "1361"]
[PlyCount "99"]
[EventDate "2009.06.17"]
[EventType "swiss (blitz)"]
[EventRounds "7"]
[EventCountry "GER"]
[SourceTitle "CBM 130 Extra"]
[Source "ChessBase"]
[SourceDate "2009.07.02"]
[SourceVersion "2"]
[SourceVersionDate "2009.07.15"]
[SourceQuality "1"]

1. d4 d5 2. c4 c6 3. Nc3 Nf6 4. e3 Bf5 5. cxd5 cxd5 6. Qb3 b6 7. Bb5+ Bd7 8. Nxd5 Bxb5 9. Qxb5+ Nfd7 10. Nf3 e6 11. Nc3 a6 12. Qb3 Bd6 13. 0-0 0-0 14. Bd2 Nc6 15. Rac1 Qb8 16. Ne4 Ne7 17. Nxd6 Qxd6 18. Bb4 Qd5 19. Bxe7 Qxb3 20. axb3 Rfe8 21. Bb4 a5 22. Bd2 Rac8 23. Rxc8 Rxc8 24. Rc1 Rxc1+ 25. Bxc1 Nf6 26. Ne5 Nd5 27. Bd2 Kf8 28. e4 Nc7 29. Nd7+ Ke7 30. Nxb6 Kd6 31. Nc4+ Kc6 32. Bxa5 Kb5 33. f3 Na6 34. Bc3 Nb4 35. Bxb4 Kxb4 36. Nd2 e5 37. d5 Kc5 38. Kf2 Kd4 39. b4 Kd3 40. b5 Kxd2 41. b6 Kc2 42. b7 Kxb2 43. b8Q+ Kc3 44. Qxe5+ Kc4 45. d6 Kd3 46. d7 Kd2 47. d8Q+ Kc1 48. Qc5+ Kb2 49. Qb8+ Ka2 50. Qa5# 1-0

[Event "GER-ch Net qual4 U14"]
[Site "Playchess.com INT"]
[Date "2009.06.17"]
[Round "5"]
[White "Katz, Leo"]
[Black "Knopf, Felix"]
[Result "0-1"]
[WhiteElo "1361"]
[BlackElo "1529"]
[PlyCount "118"]
[EventDate "2009.06.17"]
[EventType "swiss (blitz)"]
[EventRounds "7"]
[EventCountry "GER"]
[SourceTitle "CBM 130 Extra"]
[Source "ChessBase"]
[SourceDate "2009.07.02"]
[SourceVersion "2"]
[SourceVersionDate "2009.07.15"]
[SourceQuality "1"]

1. e4 c5 2. Nf3 d6 3. d4 cxd4 4. Nxd4 Nf6 5. Nc3 a6 6. Be3 e6 7. f3 Be7 8. Qd2 b5 9. 0-0-0 Bb7 10. Kb1 Nbd7 11. g4 Ne5 12. Qf2 Rc8 13. h4 b4 14. Nce2 Qa5 15. Nc1 Nc4 16. Bxc4 Rxc4 17. Qe2 d5 18. e5 Nd7 19. f4 Nc5 20. Ncb3 Nxb3 21. axb3 Rc7 22. f5 Bc8 23. fxe6 Bxe6 24. Nxe6 fxe6 25. h5 0-0 26. Rdg1 Rfc8 27. Rg2 Rc6 28. g5 Qc7 29. g6 h6 30. Bd4 a5 31. Qf2 Rf8 32. Qd2 Bg5 33. Qe2 Rf4 34. Qd3 Re4 35. Re2 Rxe2 36. Qxe2 Qc8 37. Rh2 Qb7 38. Be3 Bxe3 39. Qxe3 Qb5 40. Qf4 Rc7 41. Rf2 Qe8 42. Qd4 Qb8 43. Qd3 Qb6 44. Rf1 Qb8 45. Qf3 Re7 46. Qf2 Qe8 47. Qf3 Qd8 48. Qf4 d4 49. Rd1 Rd7 50. Qe4 Qf8 51. Qc6 Rd8 52. Qxe6+ Kh8 53. Qg4 Qe8 54. Rxd4 Rd5 55. Qf4 Rxd4 56. Qxd4 Qf8 57. Qd5 Qd8 58. Ka2 Qxd5 59. e6 Qxe6 0-1

[Event "GER-ch Net qual4 U14"]
[Site "Playchess.com INT"]
[Date "2009.06.17"]
[Round "3"]
[White "Schmitt, Katrin"]
[Black "Katz, Leo"]
[Result "1/2-1/2"]
[WhiteElo "1658"]
[BlackElo "1361"]
[PlyCount "258"]
[EventDate "2009.06.17"]
[EventType "swiss (blitz)"]
[EventRounds "7"]
[EventCountry "GER"]
[SourceTitle "CBM 130 Extra"]
[Source "ChessBase"]
[SourceDate "2009.07.02"]
[SourceVersion "2"]
[SourceVersionDate "2009.07.15"]
[SourceQuality "1"]

1. e4 e5 2. Nf3 Nc6 3. d4 exd4 4. Nxd4 Bc5 5. Be3 Qf6 6. c3 Nge7 7. Bc4 0-0 8. 0-0 d6 9. Nxc6 Nxc6 10. Bxc5 dxc5 11. Nd2 Re8 12. Bd5 Ne7 13. Bb3 Qb6 14. Nc4 Qc6 15. f3 Be6 16. Na5 Bxb3 17. Nxb3 Ng6 18. Qe2 Qb6 19. Qf2 Rad8 20. Qxc5 Rd3 21. Qxb6 axb6 22. Rad1 Red8 23. Rxd3 Rxd3 24. Kf2 Nf4 25. g3 Ne6 26. Ke2 Rd8 27. Rd1 Ra8 28. a3 Kf8 29. Nd4 Ke7 30. Nxe6 Kxe6 31. Ke3 Ra5 32. Rd2 Rh5 33. f4 Ra5 34. Rd8 Ke7 35. Rb8 Ra7 36. Rh8 h6 37. Rh7 Kf6 38. Rh8 Ra6 39. Rc8 c6 40. Rc7 Ra7 41. e5+ Ke6 42. g4 g6 43. c4 f6 44. exf6 Kxf6 45. Ke4 Ra4 46. Kd3 Ra7 47. h4 g5 48. hxg5+ hxg5 49. fxg5+ Kxg5 50. Rg7+ Kf6 51. Rg8 Kf7 52. Rg5 Kf6 53. Rf5+ Kg6 54. Re5 Kf6 55. Rf5+ Kg6 56. Rf4 Kg5 57. Rd4 Ra8 58. Ke3 Re8+ 59. Kf3 Rf8+ 60. Kg3 Re8 61. Rd3 Re2 62. b4 Re4 63. c5 bxc5 64. bxc5 Rc4 65. Rb3 Rxc5 66. Rxb7 Rc3+ 67. Kf2 Rxa3 68. Rc7 Rc3 69. Ke2 Kxg4 70. Kd2 Rc5 71. Kd3 Kf5 72. Kd4 Rc1 73. Kd3 Ke5 74. Kd2 Rc5 75. Kd3 Kd6 76. Rc8 Kd5 77. Rh8 Rc1 78. Rh5+ Kd6 79. Kd2 Rc5 80. Rh6+ Kd5 81. Kd3 Rc1 82. Rh5+ Kd6 83. Rh8 Rg1 84. Rh6+ Kc7 85. Kc4 Kb6 86. Rh2 Rc1+ 87. Kb3 Kb5 88. Rh5+ c5 89. Rh8 Rb1+ 90. Kc2 Rg1 91. Rb8+ Kc6 92. Rh8 Kd5 93. Rh5+ Kc6 94. Rh6+ Kb5 95. Kc3 Rg3+ 96. Kc2 Kb4 97. Rh4+ Kb5 98. Rh5 Kc4 99. Rh4+ Kb5 100. Re4 Kc6 101. Rh4 Rg5 102. Kd3 Kd5 103. Kc3 Rg3+ 104. Kc2 c4 105. Rh5+ Kd4 106. Rh4+ Kc5 107. Rh5+ Kb4 108. Rh8 Rg2+ 109. Kd1 Kc3 110. Rh3+ Kb2 111. Rh8 c3 112. Rb8+ Ka3 113. Ra8+ Kb4 114. Rb8+ Kc4 115. Rc8+ Kd3 116. Rd8+ Ke3 117. Rf8 Rg1+ 118. Kc2 Ke2 119. Kxc3 Rf1 120. Re8+ Kf2 121. Kd2 Kg1 122. Rg8+ Kh1 123. Ke2 Rg1 124. Rf8 Rg2+ 125. Kf3 Ra2 126. Rh8+ Kg1 127. Rb8 Ra3+ 128. Kg4 Ra4+ 129. Kf3 Ra3+ 1/2-1/2

[Event "GER-ch Net qual1 U14"]
[Site "Playchess.com INT"]
[Date "2009.05.10"]
[Round "3"]
[White "Katz, Leo"]
[Black "Baier, Felix"]
[Result "0-1"]
[WhiteElo "1361"]
[BlackElo "1523"]
[PlyCount "92"]
[EventDate "2009.05.10"]
[EventType "swiss (blitz)"]
[EventRounds "7"]
[EventCountry "GER"]
[SourceTitle "CBM 130 Extra"]
[Source "ChessBase"]
[SourceDate "2009.07.02"]
[SourceVersion "2"]
[SourceVersionDate "2009.07.15"]
[SourceQuality "1"]

1. e4 d5 2. exd5 Qxd5 3. Nc3 Qa5 4. Be2 Nf6 5. Nf3 Bf5 6. d4 e6 7. Bf4 c6 8. Qd2 Bb4 9. 0-0 Bxc3 10. bxc3 Nbd7 11. Bd3 Bg6 12. Rfb1 b6 13. Ne5 Rc8 14. Nxg6 hxg6 15. a4 0-0 16. Re1 Nd5 17. c4 Qxd2 18. Bxd2 N5f6 19. Re3 Rcd8 20. c3 Nb8 21. Rh3 Rd7 22. Re1 Rfd8 23. Bg5 c5 24. Bxf6 gxf6 25. Re4 cxd4 26. Reh4 f5 27. Rh8+ Kg7 28. R8h7+ Kf6 29. Bf1 dxc3 30. Rxc3 Nc6 31. c5 bxc5 32. Rxc5 Ne5 33. f4 Nd3 34. Ra5 Nxf4 35. Kf2 Rd5 36. Rxa7 R8d7 37. Ra8 Rd2+ 38. Kf3 Nh5 39. a5 Rc7 40. Be2 Rc3+ 41. Kf2 Re3 42. a6 Rdxe2+ 43. Kf1 Re1+ 44. Kf2 R3e2+ 45. Kf3 Re4 46. a7 Rf1# 0-1

[Event "GER-ch Net qual1 U14"]
[Site "Playchess.com INT"]
[Date "2009.05.10"]
[Round "7"]
[White "Katz, Leo"]
[Black "Diederichs, Luise"]
[Result "1-0"]
[WhiteElo "1361"]
[BlackElo "1157"]
[PlyCount "43"]
[EventDate "2009.05.10"]
[EventType "swiss (blitz)"]
[EventRounds "7"]
[EventCountry "GER"]
[SourceTitle "CBM 130 Extra"]
[Source "ChessBase"]
[SourceDate "2009.07.02"]
[SourceVersion "2"]
[SourceVersionDate "2009.07.15"]
[SourceQuality "1"]

1. e4 e6 2. d4 d5 3. e5 c5 4. c3 Nc6 5. Nf3 cxd4 6. cxd4 Qb6 7. Nc3 Bb4 8. Bd3 Nge7 9. 0-0 Bd7 10. a3 Nxd4 11. axb4 Qxb4 12. Nxd4 Qxd4 13. Qe2 Qb6 14. Kh1 0-0 15. f4 Bc6 16. Qh5 g6 17. Qg5 Nf5 18. Bxf5 exf5 19. Rb1 Bb5 20. Rf3 Bc4 21. Rh3 h5 22. Rxh5 1-0

[Event "GER-ch Net qual1 U14"]
[Site "Playchess.com INT"]
[Date "2009.05.10"]
[Round "2"]
[White "Muth, Matthias Potisarath"]
[Black "Katz, Leo"]
[Result "1-0"]
[WhiteElo "1567"]
[BlackElo "1361"]
[PlyCount "169"]
[EventDate "2009.05.10"]
[EventType "swiss (blitz)"]
[EventRounds "7"]
[EventCountry "GER"]
[SourceTitle "CBM 130 Extra"]
[Source "ChessBase"]
[SourceDate "2009.07.02"]
[SourceVersion "2"]
[SourceVersionDate "2009.07.15"]
[SourceQuality "1"]

1. c4 e5 2. g3 Nf6 3. Bg2 d6 4. Nc3 Nc6 5. d3 Be7 6. Nf3 h6 7. 0-0 Be6 8. Bd2 0-0 9. Qc1 Qd7 10. Re1 a6 11. a3 Bh3 12. Bh1 Rab8 13. Rb1 Be6 14. b4 Nd8 15. Nh4 c6 16. Ne4 Nxe4 17. Bxe4 f5 18. Bg2 Nf7 19. Nf3 Kh7 20. e4 fxe4 21. Rxe4 Nh8 22. Re1 Rf7 23. d4 exd4 24. Nxd4 Bh3 25. Qc2+ Kg8 26. Bh1 Rbf8 27. Be3 Bg4 28. b5 axb5 29. cxb5 c5 30. Nb3 Bf5 31. Be4 Bxe4 32. Qxe4 b6 33. Qc6 Qxc6 34. bxc6 Bd8 35. Nd2 Bc7 36. Nc4 b5 37. Nd2 Rb8 38. Bf4 Rb6 39. Ne4 Rxc6 40. Rxb5 Rf5 41. Reb1 Ng6 42. Be3 Re5 43. Nc3 Kh7 44. Na4 c4 45. Rb7 c3 46. Ra7 c2 47. Rc1 Rd5 48. Nb2 Bd8 49. Kf1 Bf6 50. Rb7 Bxb2 51. Rxb2 Rd1+ 52. Ke2 Rxc1 53. Bxc1 Ne5 54. f4 Ng4 55. h3 Nf6 56. Kd3 Ra6 57. Rxc2 Kg6 58. g4 h5 59. g5 Nd5 60. Kd4 Ne7 61. Ke4 Ra4+ 62. Kf3 Kf5 63. Rc7 Nd5 64. Rxg7 Nxf4 65. Bxf4 Rxf4+ 66. Kg3 Re4 67. Rd7 h4+ 68. Kg2 Re6 69. Rh7 Kxg5 70. Rg7+ Kf5 71. Rg4 Re4 72. a4 Rxg4+ 73. hxg4+ Kxg4 74. a5 h3+ 75. Kh2 d5 76. a6 d4 77. a7 d3 78. a8Q d2 79. Qd8 Kf3 80. Qxd2 Kg4 81. Qd4+ Kf3 82. Kxh3 Ke2 83. Qc3 Kf1 84. Qc2 Kg1 85. Qg2# 1-0

[Event "Baden-ch U14"]
[Site "Schoeneck"]
[Date "2009.01.04"]
[Round "6"]
[White "Katz, Leo"]
[Black "Weber, Clemens"]
[Result "0-1"]
[WhiteElo "1339"]
[BlackElo "1440"]
[PlyCount "99"]
[EventDate "2009.01.02"]
[EventType "swiss"]
[EventRounds "7"]
[EventCountry "GER"]
[SourceTitle "EXT 2010"]
[Source "ChessBase"]
[SourceDate "2010.11.25"]
[SourceVersion "1"]
[SourceVersionDate "2010.11.25"]
[SourceQuality "1"]

1. e4 e5 2. Nf3 Nc6 3. Bc4 Bc5 4. 0-0 Nf6 5. d4 Bxd4 6. Nxd4 Nxd4 7. Bg5 d6 8. f4 Be6 9. Bd3 Qe7 10. fxe5 dxe5 11. Rf2 h6 12. Bxf6 gxf6 13. Qf1 Rg8 14. Rxf6 Bh3 15. Rf2 0-0-0 16. Kh1 Be6 17. Nc3 Rg7 18. Rd1 Rdg8 19. Rdd2 Qg5 20. Rd1 Bh3 21. gxh3 Qh4 22. Ne2 Nxe2 23. Qxe2 Qxh3 24. Qf3 Qh4 25. Qf5+ Kb8 26. Rfd2 f6 27. Qf2 Qg5 28. Bc4 Rc8 29. Qf5 Qxf5 30. exf5 a6 31. Be6 Re8 32. Rd8+ Rxd8 33. Rxd8+ Ka7 34. Rd7 Rxd7 35. Bxd7 Kb6 36. Kg2 Kc5 37. Kf3 Kd4 38. Bc8 b6 39. Bxa6 c5 40. Ke2 Ke4 41. Bc8 Kf4 42. Kf2 Ke4 43. a3 Kd4 44. Bd7 Kc4 45. Ke3 Kd5 46. Be6+ Kc6 47. Ke4 Kd6 48. Bc4 Kc6 49. a4 Kd6 50. Bb5 0-1